| 000 | 00534nam a2200181 a 4500 | ||
|---|---|---|---|
| 005 | 20240702063758.0 | ||
| 008 | 991125s1963 ag 000 0 spa u | ||
| 035 | _aUPN01000015431 | ||
| 049 | _aCG | ||
| 050 | 4 |
_aLB1593 M8 _bG6.3 |
|
| 100 | 1 | _aGonzález, María Elena | |
| 245 | 1 | 0 |
_aDidáctica de la música / _cMaría Elena González. |
| 260 |
_aBuenos Aires : _bKapelusz, _c1963. |
||
| 300 |
_a149 p. : _bil |
||
| 440 | 0 |
_aBiblioteca de cultura pedagógica ; _v79 |
|
| 650 | 4 |
_aMúsica _xEstudio y enseñanza _9174 |
|
| 905 | _aLibro | ||
| 999 |
_c15431 _d15431 |
||